Most Guessed NFL Teams by Division - Statistics

General Stats
  • This quiz has been taken 38 times
  • The average score is 7 of 8
Answer Stats
Division % Guessed Team % Correct
NFC North 86% Green Bay Packers
94%
NFC East 89% New York Giants
91%
AFC East 90% New England Patriots
88%
AFC South 78% Houston Texans
85%
NFC West 85% San Francisco 49ers
85%
NFC South 77% Carolina Panthers
82%
AFC West 82% Las Vegas Raiders
79%
AFC North 84% Pittsburgh Steelers
79%
No matching quizzes found
Score Distribution
Percent of People with Each Score
Percentile by Number Answered
Your Score History
You have not taken this quiz